| 000 | 01002nas a2200349 4500 | ||
|---|---|---|---|
| 001 | BR0504950 | ||
| 003 | BR-BrBNA | ||
| 005 | 20231205105648.0 | ||
| 007 | ta | ||
| 008 | 230509b bl.|||p| |||| 00| 00por d | ||
| 040 |
_aBR-BrBNA _bpor _cBiblioteca Nacional de Agricultura |
||
| 041 | _a(Pt) | ||
| 072 | _aK10 | ||
| 100 | 1 | _aSilva, C.M.M. | |
| 100 | 1 | _aFerreira, L.R. | |
| 100 | 1 | _aFerreira, F.A. | |
| 100 | 1 | _aMiranda, C.V. | |
| 245 | 1 | _aTolerance of eucalypt (Eucalyptus spp.)seedlings to imazapyr in nutritive solution | |
| 650 | _aEUCALYPTUS GRANDIS | ||
| 650 | _aEUCALIPTO | ||
| 650 | _aMUDA | ||
| 650 | _aESTUFA | ||
| 650 | _aHERBICIDA | ||
| 650 | _aVARIAÇÃO GENÉTICA | ||
| 650 | _aSOLUÇÃO NURITIVA | ||
| 650 | _aREBROTA | ||
| 650 | _aTRANSPLANTE DE PLANTA | ||
| 650 | _aRESPOSTA DA PLANTA | ||
| 773 | 0 |
_tPlanta Daninha (Brazil) _xISSN 0100-8358 _g(Oct-Dec 2004), v. 22(4) p. 597-606 _wBR0504950 |
|
| 909 |
_a202311 _bLúcia _c55 _dLúcia Elande |
||
| 942 |
_2AGRIS _n0 _cANA |
||
| 999 |
_c184025 _d184025 |
||